000 01627nam a2200313 i 4500
003 CSPC
005 20250210150622.0
008 250207s2005 nyu 000 0 eng d
020 _a9780446618151
040 _cCSPC
_aCSPC
_beng
_erda
050 0 4 _aPS3569.P363
_bT78 2005
100 1 _aSparks, Nicholas,
_eauthor.
245 1 0 _aTrue believer /
_cNicholas Sparks.
264 1 _aNew York :
_bGrand Central Publishing,
_c2005.
300 _a465 pages :
_c17 cm.
336 _atext
_2rdacontent
337 _aunmediated
_2rdamedia
338 _avolume
_2rdacarrier
520 _aAs a science journalist with a regular column in Scientific American, Jeremy Marsh specializes in debunking the supernatural and has a real nose for the strange and unusual. A born skeptic, he travels to the small town of Boone Creek, North Carolina, determined to find the real cause behind the ghostly apparitions that appear in the town cemetery. What he doesn't plan on, however, is meeting and falling hopelessly in love with Lexie Darnell, granddaughter of the town psychic. Now, if the young lovers are to have any kind of future at all, Jeremy must make a difficult choice: return to the life he knows, or do something he could never do before-take a giant leap of faith.
650 4 _aScience writers
_xFiction.
650 4 _aApparitions
_xFiction.
650 4 _aCemeteries
_vFiction.
651 _aNorth Carolina
_xFiction.
655 _aGhost stories.
655 _aRomance fiction.
655 _aScience fiction.
942 _2ddc
_n0
_cBK
_iSp263t
_kFIC
_m2005
999 _c28798
_d28798